000 01062cam a2200253 a 4500
001 14702685
005 20250604122345.0
008 070118s2008 cauab b 001 0 eng
020 _a9781412936903 (cloth : alk. paper)
020 _a141293690X (cloth : alk. paper)
050 0 0 _aHD62.4
_b.F375 2008
082 0 0 _a658/.049
_222
100 1 _aFatehi, Kamal.
245 1 0 _aManaging internationally :
_bsucceeding in a culturally diverse world /
_cKamal Fatehi.
260 _aLos Angeles :
_bSage Publications,
_cc2008.
300 _axx, 707 p. :
_bill., map ;
_c26 cm.
650 0 _aInternational business enterprises
_xManagement
_xSocial aspects.
650 0 _aCorporate culture.
650 0 _aIntercultural communication.
856 4 1 _3Table of contents only
_uhttp://www.loc.gov/catdir/toc/ecip078/2007002080.html
856 4 2 _3Contributor biographical information
_uhttp://www.loc.gov/catdir/enhancements/fy0801/2007002080-b.html
856 4 2 _3Publisher description
_uhttp://www.loc.gov/catdir/enhancements/fy0801/2007002080-d.html
942 _2lcc
_cBK
_n0
999 _c6254
_d6254